[Event "RUS-Cup01 Chigorin Memorial"]
[Site "St Petersburg"]
[Date "1997.11.09"]
[Round "9"]
[White "Morozevich, Alexander"]
[Black "Lugovoi, Aleksei"]
[Result "1/2-1/2"]
[WhiteElo "2590"]
[BlackElo "2520"]
[Annotator "Har Zvi,R"]
[PlyCount "85"]
[EventDate "1997.11.01"]
[EventType "swiss"]
[EventRounds "9"]
[EventCountry "RUS"]
[SourceTitle "CBM 062"]
[Source "ChessBase"]
[SourceDate "1998.01.31"]
[SourceVersion "1"]
[SourceVersionDate "1998.01.31"]
[SourceQuality "1"]

1. e4 c5 2. Nf3 d6 3. Bc4 Nf6 4. d3 Nc6 5. c3 (5. Bb3 g6 6. c3 Bg7 7. Nbd2 O-O
8. O-O b6 9. Re1 Ba6 10. Nf1 Ne5 11. Bc2 Nfd7 12. Bg5 h6 13. Bh4 Nxf3+ 14. Qxf3
Ne5 15. Qd1 Nc6 16. Ne3 Qd7 17. f4 $36 {Adams,M-Gelfand,B/Linares 1997;CBM 57})
(5. Nbd2 g6 6. a3 Bg7 7. O-O O-O 8. Ba2 b5 9. Re1 Rb8 10. c3 a5 11. d4 cxd4 12.
cxd4 Qb6 13. Nf1 Bg4 $132 {Adams,M-Khalifman,A/Arhus 1997}) 5... g6 (5... e6 6.
Bb3 Be7 7. O-O O-O 8. Re1 b6 (8... d5 9. e5 Nd7 10. d4 b5 11. Nbd2 b4 12. Nf1
bxc3 13. bxc3 Ba6 14. Bc2 (14. Ne3 $5) 14... Rc8 15. a3 Re8 16. Ne3 cxd4 17.
cxd4 Bb5 18. g3 $36 {Leko,P-Gelfand,B/Tilburg 1996}) 9. Nbd2 Bb7 (9... Ba6 $5)
10. Nf1 Rc8 11. Ng3 Ne5 (11... Qc7) 12. d4 Nxf3+ (12... Ng6) 13. Qxf3 cxd4 14.
cxd4 d5 15. e5 Ne4 16. Qg4 Nxg3 $6 (16... Kh8) 17. hxg3 Kh8 18. Qe2 $1 $36 {
Morozevich,A-Petrushin,A/RUS-Cup Krasnodov 1997;CBM 59 [Har-Zvi,R]}) (5... a6
6. Bb3 Bg4 7. h3 Bh5 (7... Bxf3 8. Qxf3 g6) 8. Qe2 e6 9. g4 Bg6 10. Nh4 d5 11.
Nxg6 hxg6 12. g5 $16 {Leko,P-Schneider,A/Hungary 1996;66/161 [ Leko,P]}) (5...
Bg4 $4 6. Qb3 $1 {[%csl Rb7,Rf7]} Qb6 7. Bxf7+ Kd7 8. Qxb6 axb6 9. Bc4 $16 {
/+- Beshukov,S-Nevostrujev,V/RUS-ch Elista 1996;CBM 56}) 6. Bb3 Bg4 (6... Bg7)
7. Nbd2 Bg7 8. h3 Bxf3 9. Nxf3 O-O 10. O-O Rc8 11. Qe2 {white has slight
advantage thanks to his 2 bihsops advantage,his main idea is of course to play
d4} (11. Re1 Nd7 12. d4 (12. Be3) 12... cxd4 13. cxd4 Qb6 14. Be3 Na5) 11...
Nd7 12. Rd1 Qb6 13. Be3 Qa6 {stopping d4} 14. a4 {preventing b5} (14. Qd2 b5
15. d4 b4) 14... Nde5 15. Nxe5 (15. Ne1 {[%cal Gf2f4]} c4 $1 16. Bxc4 (16. dxc4
Na5) 16... Nxc4 17. dxc4 Na5) 15... Nxe5 16. Ba2 Nc6 (16... Qxa4 $4 17. Bxf7+)
17. h4 e6 18. h5 $14 {it is not so clear to see where's black play,while white
has some play on the king's side} Rfe8 19. g3 Ne7 20. Qf3 Qb6 21. hxg6 hxg6 22.
Rd2 Qc6 23. d4 (23. Bc4 $5) 23... cxd4 24. Bxd4 Qxa4 25. Kg2 {threatening Bxe6
followed by Qxf7} (25. Bxg7 Kxg7 26. Rxd6 {white is threatening now Qxf7
followed by Bxe6} Qc2 27. Rb1 Qa4 28. Ra1 Qc2 $11) 25... Qb5 (25... Bxd4 $2 26.
Bxe6 Qxa1 27. Qxf7+ Kh8 28. Rxd4 Rf8 29. Qxe7 Qxb2 30. Bf7 $1 $18) 26. Rh1 {
[%cal Gf3f4]} Bxd4 27. cxd4 (27. Rxd4 Qe5) 27... Qg5 28. Rdd1 d5 (28... Rc2 $2
29. Rh8+ Kxh8 30. Qxf7 $18) {[%tqu "En","can you see the continuation of white
initiative,and please see also black's defence","","","h1h7","",5]} 29. Rh7 $1
Nf5 $1 (29... Kxh7 30. Qxf7+ Kh6 31. Rh1+ Qh5 32. Rxh5+ gxh5 (32... Kxh5 33.
Qh7+ Kg5 34. Qh4#) 33. Bb1 $18) 30. exf5 (30. Rdh1 $5 dxe4 31. Qxe4 Qf6 32. g4
(32. Rh8+ Qxh8 33. Rxh8+ Kxh8 34. Qxb7 Kg7 $15) 32... Qxd4 33. Rh8+ Kg7 34.
R8h7+ Kf8 (34... Kg8 $11) 35. Qf3 $40 (35. Rh8+ $2 Ke7 $19)) 30... Kxh7 31.
fxe6 Qf5 $6 (31... Rf8 $142 $1 32. exf7 Rcd8 33. Re1 Kg7 34. Re5 Qd2) 32. exf7
$2 (32. Qxf5 gxf5 33. exf7 Red8 (33... Re2 34. Rc1 $1 {immediately getting the
file} (34. Bxd5 Kg7 $1) 34... Rf8 35. Rc7 $132) 34. Re1 $15) 32... Qxf3+ 33.
Kxf3 Red8 34. Re1 Kg7 35. Re5 Kxf7 36. Bxd5+ {it is clear black is playing for
a win here,and the truth is without any chances of losing,but quickly he gave
white chances} Kf6 $6 (36... Kf8 $142 $5) 37. Re6+ $1 Kg7 (37... Kg5 38. Be4 {
[%csl Rg5]}) (37... Kf7 $142 $5) 38. Be4 $1 Rf8+ 39. Ke3 Rf6 40. Re7+ Rf7 41.
Re6 Rf6 42. Re7+ Rf7 43. Re6 1/2-1/2

[Event "GER-ch 70th"]
[Site "Bremen"]
[Date "1998.11.10"]
[Round "5"]
[White "Tischbierek, Raj"]
[Black "Wahls, Matthias"]
[Result "0-1"]
[WhiteElo "2515"]
[BlackElo "2605"]
[Annotator "Har Zvi,R"]
[PlyCount "58"]
[EventDate "1998.11.06"]
[EventType "swiss"]
[EventRounds "9"]
[EventCountry "GER"]
[SourceTitle "CBM 068"]
[Source "ChessBase"]
[SourceDate "1999.02.01"]
[SourceVersion "1"]
[SourceVersionDate "1999.02.01"]
[SourceQuality "1"]

1. e4 c5 2. Nf3 d6 3. c3 Nf6 4. Be2 Nbd7 5. d3 b6 6. O-O Bb7 7. Nbd2 g6 (7...
e6 8. Re1 Be7 9. Bf1 Ne5 10. d4 (10. Nxe5 dxe5 11. a4 a6 12. Nc4 Qc7 13. Bd2
O-O 14. b4 cxb4 15. cxb4 Nd7 16. Rc1 Rac8 17. a5 bxa5 18. Nxa5 Qb8 $13 {
1/2-1/2 Spraggett,K-Petursson,M/Erevan olm 1996/EXT 96ch2 (32)}) 10... Nxf3+
11. Qxf3 O-O 12. Bd3 Rc8 13. Nf1 cxd4 14. cxd4 Qd7 15. Ng3 Rfd8 16. Be3 g6 17.
Rad1 Rc7 18. h3 Rdc8 19. Qe2 Ne8 20. f4 $14 {1/2-1/2 Torre,E-Pinter,J/Zagreb
izt 1987/CBM 04/[Horvath,T] (40)}) 8. d4 (8. Re1 Bg7 9. Bf1 Ne5 (9... O-O 10.
d4 e6 11. a4 a6 12. b4 Qc7 13. Bb2 Rad8 14. Qb1 Rfe8 15. Qa2 Qb8 16. Rad1 Qa8
17. Qb1 Bf8 18. Ba1 Bg7 $13 {1-0 Georgiev,K-Ftacnik,L/Prague zt 1985/MCD-r8 
(41)}) 10. d4 Nxf3+ 11. Qxf3 O-O 12. Bd3 Nd7 13. Nb3 d5 $1 14. dxc5 bxc5 15.
exd5 Ne5 16. Qe2 Qxd5 17. Be4 Qxe4 18. Qxe4 Bxe4 19. Rxe4 f5 20. Re2 Nd3 21.
Na5 e5 $132 {1/2-1/2 Torre,E-Ftacnik,L/Biel 1988/CBM 09 (29)}) 8... cxd4 9.
cxd4 Bg7 {for Nxe4 I suggest you to look at the game Swidler,P-Kasparov,G
Tilburg 1997 with full analyse by Swidler} 10. e5 (10. d5 O-O 11. Re1 Nc5 12.
Bf1 e6 13. dxe6 Nxe6 14. e5 dxe5 15. Nxe5 Qc7 16. Ndf3 Rad8 17. Qa4 {White was
able to equalize in Degraeve-Nepomnishay, St.Petersburg 1996}) (10. Bd3 {
is too modest:} O-O 11. b4 e5 (11... a5 $5) 12. Bb2 d5 $11) 10... dxe5 11. dxe5
Nd5 12. e6 fxe6 13. Ne4 (13. Ng5 Nc7 14. Bc4 Bd5 15. Re1 Nc5 $15) 13... O-O (
13... Nc7 $1 {Svidler} 14. Qa4 b5 (14... O-O 15. Rd1 Bd5 16. Nc3 $44) 15. Qc2
O-O 16. Rd1 Rc8 17. Bd3 Nd5 18. Qe2 $44) 14. Nfg5 Nc7 15. Nxe6 Nxe6 16. Qb3 Kh8
(16... Rf7 17. Qxe6 Nf8 18. Qg4 Rc8 $13 {[%csl Re7] /+/=} (18... h5 19. Qh4 Qd4
20. Bf3 $14 {[%cal Gf1d1]})) 17. Qxe6 Nc5 18. Nxc5 bxc5 {[%csl Ra7,Rc5,Re7]
[%cal Gg7a1,Ga8h1,Gf8f1,Gb8b1] OK,black forced this position after white took
on "e6" and the Question is what is this position??black has many
weaknesses-weak pawns ,but in compensation he has two powerful bishops and two
open files [ the "f" anf the "b" files ]a very unclear and complicated position
} 19. Be3 (19. Bc4 $5 Qd6) (19. Rd1 Qb6) 19... Bd5 20. Qg4 Qc8 21. Rad1 (21.
Rac1 $5 Qxg4 22. Bxg4 Bxa2 23. Rxc5 a6 $14 (23... Rab8 24. Rc7 Rxb2 25. Rxe7
$16)) 21... Bxa2 22. Qg5 Bb3 23. Rd2 Bf6 (23... c4 24. Qxe7 $14 {[%csl Ra7,Rb3,
Rc4] /+/-}) 24. Qxc5 Qxc5 25. Bxc5 a5 {it's so strange that one of the players
here lost in just 4 moves,just look how but really such a game should have
ended of course with a draw} 26. Bd1 Rab8 27. Bxb3 Rxb3 28. Ra1 Rc8 29. Rxa5
Bc3 {and here white resigned since he saw he is losing a rook but but but....
how about Rc2???????? well draw} (29... Bc3 30. Rc2 (30. Rd3 Rxb2 31. Rd1 Rbb8
$19) 30... Rxb2 (30... Bxa5 31. Bd4+ Kg8 32. Rxc8+) 31. Rxb2 Bxb2 32. g3 {
with a draw...}) 0-1

[Event "USA-ch sf"]
[Site "Denver"]
[Date "1998.11.11"]
[Round "2"]
[White "Benjamin, Joel"]
[Black "Gurevich, Dmitry"]
[Result "1-0"]
[WhiteElo "2595"]
[BlackElo "2505"]
[Annotator "Har Zvi,R"]
[PlyCount "81"]
[EventDate "1998.11.10"]
[EventType "match"]
[EventRounds "4"]
[EventCountry "USA"]
[SourceTitle "CBM 068"]
[Source "ChessBase"]
[SourceDate "1999.02.01"]
[SourceVersion "1"]
[SourceVersionDate "1999.02.01"]
[SourceQuality "1"]

1. e4 c5 2. Nf3 d6 3. c3 Nf6 4. Bd3 Nc6 5. Bc2 Bg4 6. d3 g6 {an interesting
idea in my opinion is Bxf3 immediatelynot allowing white to recapture with his
knight on f3 but with his Queen} 7. Nbd2 Bg7 8. h3 Bxf3 9. Nxf3 O-O 10. O-O b5
{this is black's idea there is nothing else for him to look for in this
position,the idea is of course b4 with Nd7 putting pressure on the h8-a1
diagonal,white tries to prevent this with "d4"} (10... Nd7 11. Be3 (11. d4 b5
12. Bg5 h6 13. Be3 a5 14. Qd2 Kh7 15. Rad1 Qc7 16. Qe2 Rab8 $13 {1/2-1/2
Friedrich,N-Levin,F/Bad Woerishofen op 1995/EXP 47 (38)}) 11... b5 12. d4 Rc8
13. a3 Qc7 14. Bd3 Rb8 15. Qe2 Qb7 16. b4 cxd4 17. cxd4 a6 18. Rac1 Rbc8 19.
Rc2 e5 $1 $132 {1/2-1/2 Martinovic,S-Petursson,M/Smederevska Palanka 1984/
MCD-r8 (40)}) (10... Rc8 11. Re1 Re8 12. a3 Qc7 13. Bb3 Ne5 14. Nxe5 dxe5 15.
Bc4 Red8 16. Qf3 Qd7 17. a4 Qe8 18. Qe2 Nh5 19. g3 $14 {1/2-1/2 Abramovic,
B-Jacimovic,D/JUG-ch 1985/MCL 02 (72)}) 11. a3 a5 12. d4 cxd4 13. cxd4 Nd7 14.
Be3 (14. d5 Nce5 {[%cal Ge5c4,Gh8a1]}) 14... a4 15. Bd3 Rb8 16. Qe2 Qb6 (16...
b4 $2 17. Bb5 $16) 17. e5 $5 {[%csl Rg7] an interesting move,and a correct
idea,playing against the bishop on "g7"} (17. d5 Nd4 18. Nxd4 Bxd4 19. Bxd4 (
19. Bxb5 Bxe3 20. Bxd7 Bd4 21. Rab1 (21. Bxa4 Qxb2 $11) 21... Bxb2 22. Rfd1 (
22. Bxa4 Qd4 $11) 22... Qa7 $11) 19... Qxd4 20. Bxb5 Nc5 $44) 17... Qa6 (17...
dxe5 18. dxe5 Qa6 19. Bf4 Nc5 {the same as in the game}) 18. Bf4 {[%cal Ge5e6]}
dxe5 19. dxe5 Nc5 20. Rac1 Ne6 (20... Nxd3 $5 21. Qxd3 {[%cal Ge5e6]} e6 22.
Qd6 Rfc8 23. Rfd1 Rd8 24. Qc5 $14) 21. Bg3 Qb6 22. Bb1 $1 {[%cal Gb1a2]} Bh6 (
22... Ncd4 $5 23. Nxd4 Nxd4 24. Qe4 Nb3 25. Rcd1 $14) 23. Rcd1 Rbd8 24. Ba2
Ncd4 25. Nxd4 Nxd4 26. Qe4 Qc5 27. Kh2 {it seems that white is just better
herehe has no weakness,a pair of bishops and active pieces} (27. e6 $6 f5 {
[%csl Rg3][%cal Gf5f4]}) 27... Nf5 (27... e6 28. Bh4 Rd7 29. Rd3 $1 $16) 28. e6
$1 f6 29. Rd7 $1 $16 {[%csl Ge6,Rg8][%cal Ga7h7,Gf1d1]} Nxg3 $2 {a serious
mistake in my opinion,the knight on f5 in very important for defence,defending
the "e7" pawn and controling some squares in the center after it the 'e7"
becomes very weak and black has a difficult position} (29... Rxd7 $2 30. exd7+
Kg7 31. Rd1 Rd8 32. Qe6 $18) 30. fxg3 {[%cal Gf1d1,Gf1f6]} Bg5 $2 (30... Kg7
31. Rfd1 {[%cal Gd1d5]}) 31. h4 f5 $4 {losing immediately} (31... Bh6 32. Rxf6
$1 $16) 32. Qd3 $18 {[%csl Rd8,Rg5,Rg8][%cal Gd7d8,Gh4g5,Ga2g8]} Bxh4 33. gxh4
Qe5+ 34. Kg1 Rc8 35. Qd4 Qxd4+ 36. Rxd4 Rc2 37. Rf2 Rc1+ 38. Kh2 Kg7 39. Rb4
Rc5 40. Rd2 f4 41. Rd7 1-0

[Event "USA-ch Gr-B"]
[Site "Denver"]
[Date "1998.11.01"]
[Round "2"]
[White "Sokolin, Leonid M"]
[Black "Fedorowicz, John P"]
[Result "1/2-1/2"]
[WhiteElo "2515"]
[BlackElo "2540"]
[Annotator "Har Zvi,R"]
[PlyCount "61"]
[EventDate "1998.10.31"]
[EventType "tourn"]
[EventRounds "7"]
[EventCountry "USA"]
[EventCategory "13"]
[SourceTitle "CBM 068"]
[Source "ChessBase"]
[SourceDate "1999.02.01"]
[SourceVersion "1"]
[SourceVersionDate "1999.02.01"]
[SourceQuality "1"]

1. e4 c5 2. Nf3 d6 3. c3 Nf6 4. Be2 Nbd7 5. d3 {the main move is Qc2 with the
idea d4,black answers this with Qc7 not allowing white to recapture on d4 with
his "c" pawn} c4 6. d4 Nxe4 7. Bxc4 e6 8. Nbd2 (8. O-O Be7 9. Re1 Nef6 10. Ng5
h6 11. Nf3 O-O 12. Bf4 Re8 13. h3 b6 14. Nbd2 Bb7 $13 {0-1 Lutz,C-Zagrebelny,S/
Manila olm 1992/TD 92\02 (31)}) (8. Bd3 Nef6 9. O-O Be7 10. Re1 O-O 11. Nbd2 b6
12. Qe2 (12. Ne4 Bb7 13. Bg5 Nxe4 14. Bxe7 Qxe7 15. Bxe4 Bxe4 16. Rxe4 Nf6 17.
Re2 Qb7 $11 {0-1 Taeger,W-Savchenko,S/Groningen op 1991/EXP 26 (70)}) 12... Bb7
13. a4 a6 14. Nf1 Re8 15. Ng3 Bf8 16. Bg5 Qc7 17. Ne4 Nxe4 18. Bxe4 g6 19. Bxb7
Qxb7 20. Qd2 Bg7 $13 {1/2-1/2 Tatai,S-Olafsson,H/EU-chT 1992/EU-chT (60)}) 8...
Nef6 9. O-O Be7 10. Bd3 (10. Re1 O-O 11. Bb3 Re8 12. Nf1 Nf8 13. Ng3 Bd7 14.
Ne4 Nxe4 15. Rxe4 b5 16. Re1 Qc7 17. Bg5 a6 18. Qd3 h6 19. Bxe7 Rxe7 20. Rad1
Rae8 21. h3 Bc8 $132 {0-1 Niedermayr,H-Balinov,I/AUT-chT9596 1996/EXP 52 (42)})
10... O-O 11. Nc4 {it's not an easy position to understand both players has no
weaknesses at all,and stadn very solid} Re8 12. Ng5 h6 13. f4 $5 {a very
agressive move,black of course does not take on "g5" but white moves creates
some weaknesses for him in the center} Nf8 (13... hxg5 14. fxg5 Nd5 15. Bh7+ $1
(15. Qh5 $4 f5 (15... g6 $4 16. Bxg6)) 15... Kxh7 $4 (15... Kf8 16. Bg6 (16.
Qh5 $5 N7f6 17. gxf6 Nxf6 18. Qh4 $36) 16... N7f6 17. gxf6 Nxf6 18. Bc2 $13)
16. Qh5+ Kg8 17. Qxf7+ Kh8 18. Rf3 $18) 14. Nf3 Bd7 15. a4 Qc7 16. Ne3 Bc6 {
black is just fine ,for me it is difficult to see what white achivedout of the
opening} 17. Qc2 b6 $1 {a very strong more black wants to exchange the light
coloured bishops,this is the way to do it} 18. Bd2 Qb7 19. Rae1 Be4 $1 20. Ng4
Bxd3 21. Nxf6+ Bxf6 22. Qxd3 g6 23. Re2 (23. f5 $5 exf5 24. Bxh6 Ne6 $13 {/+/=}
) 23... Bg7 24. h4 Rac8 (24... h5 $5 {[%csl Rg5] black did not want to weaken
the "g5" square but I think there is no big damage with h5}) 25. h5 Qd5 26.
hxg6 fxg6 27. Rfe1 Qc4 28. Qxc4 (28. Qc2 $2 Bxd4+ $1 29. Nxd4 Qxd4+ 30. Be3 Qd5
$17) 28... Rxc4 29. b3 Rcc8 30. c4 a5 31. d5 {in this posiiton both players
agreed a draw,this is the end of a very safe game not many risks for both sides
} (31. d5 Kf7 32. dxe6+ Nxe6 33. g3 Nc5 34. Rxe8 Rxe8 35. Rxe8 Kxe8 36. Be3 $11
) (31. g3 $5 Kf7 $11 {/+/=}) 1/2-1/2

[Event "Mermaid Beach Club"]
[Site "Bermuda"]
[Date "1997.??.??"]
[Round "5"]
[White "Hellsten, Johan"]
[Black "De Firmian, Nick E"]
[Result "1/2-1/2"]
[WhiteElo "2485"]
[BlackElo "2575"]
[Annotator "Har Zvi,R"]
[PlyCount "116"]
[EventDate "1997.01.??"]
[EventType "tourn"]
[EventRounds "11"]
[EventCountry "BER"]
[EventCategory "11"]
[SourceTitle "CBM 058"]
[Source "ChessBase"]
[SourceDate "1997.06.01"]
[SourceVersion "1"]
[SourceVersionDate "1997.06.01"]
[SourceQuality "1"]

1. e4 {Endspiel-CD Hecht} c5 2. Nf3 d6 3. c3 Nf6 4. Be2 g6 5. O-O Bg7 6. Bb5+ (
6. d3 O-O 7. Nbd2 Nc6 (7... e5 8. a3 Nbd7 9. b4 d5 10. Qb3 dxe4 11. dxe4 Qc7
12. a4 b6 13. Bc4 Bh6 14. Re1 Bb7 15. a5 Rae8 16. h4 $14 {/~~ Georgiev,
Kr-Petursson,M Saint John op-2 1988}) 8. Re1 b6 9. a3 Qc7 10. Bf1 Bb7 11. b4
Nd7 12. Qb3 e6 (12... cxb4 13. axb4 Nxb4 14. Qxb4 Bxc3 15. Qb1 Bxa1 16. Qxa1
$14 {/+/-}) 13. Bb2 d5 14. d4 c4 15. Qa4 b5 16. Qc2 $13 {Hickel,J-Hubner,R
Nussloch 1996 66/163}) 6... Nc6 (6... Nbd7 7. Re1 a6 8. Bf1 Ne5 (8... O-O 9. d4
e5 10. dxe5 Nxe5 11. Bg5 Qb6 12. Nxe5 dxe5 13. Qc2 Be6 14. Nd2 h6 15. Bh4 {
Kengis,E-Lukin,A Groningen 1993 53/(182)} Qc6 16. Nc4 Nh5 17. Rad1 b5 $11) 9.
d4 Nxf3+ 10. Qxf3 Nd7 11. Rd1 O-O 12. Be3 Qc7 (12... Qb6 13. Rd2) 13. Nd2 b6
14. Rac1 Bb7 15. Qh3 Rac8 16. d5 Rfe8 17. Bh6 e6 18. Bxg7 Kxg7 19. c4 $14 {
Adams,M-Van Wely,L Wijk ann Zee 1996 65/193 [Adams,M]}) (6... Bd7 7. Bxd7+ Qxd7
8. Re1 O-O 9. d4 Na6 10. d5 (10. e5 $5) 10... c4 11. Nbd2 Nc5 12. Nxc4 Ncxe4
13. a4 Nc5 14. Ne3 Qd8 15. Ra3 $14 {Adams,M-Anand,V Dortmund 1996}) 7. d4 a6
$146 (7... Bd7 8. Qe2 a6 9. Bxc6 Bxc6 10. d5 Bd7 11. Rd1 O-O 12. e5 dxe5 13.
Nxe5 Bf5 14. c4 Qc7 15. Nc3 Rad8 16. Nf3 h6 17. Be3 $11 {Adams,M-Ivanchuk,V
Wijk ann Zee 1996 65/(193)}) (7... O-O 8. d5 Na5 (8... Nb8 9. Re1 e6 10. a4 a6
11. Bf1 exd5 12. exd5 Bg4 (12... Bf5) 13. h3 Bxf3 14. Qxf3 $14 {Lutz,
C-Khalifman,A Munich 1992}) 9. Re1 e6 10. dxe6 Bxe6 11. Ba4 d5 12. e5 Ne4 13.
Nbd2 Bf5 14. Nxe4 dxe4 15. Qxd8 Raxd8 16. Ng5 Rd5 17. e6 fxe6 18. Nxe4 $14 {
Benjamin,J-Kaidanov,G Parsippary USA-ch 1996}) 8. Bxc6+ bxc6 9. Re1 (9. dxc5
Nxe4 10. cxd6 Nxd6 (10... exd6 $2 11. Qa4 {[%cal Ga4c6,Ga4e4]})) 9... cxd4 10.
cxd4 O-O 11. h3 (11. Nc3 Bg4 $5) 11... Nd7 12. Nc3 c5 (12... Rb8 13. b3 c5 14.
Be3) 13. Be3 Rb8 14. Qd2 cxd4 15. Bxd4 Bxd4 16. Nxd4 $13 {white has 2 against
1 one the queen's side and some small attacking chances against black's king,
one the other black has a good structure, and in certain positions the bishop
may become better than white's knight} Bb7 17. Rad1 Nf6 {black needs this
knight for defending his king} 18. Qg5 {[%cal Ge4e5] threatening e5} e6 $6 {
this move I really do not like,since after playing you can not say any mre
black has a good structure since his d6 pawn becomes very weak,and indeed in
the end black lost this pawn!,the normal move was Qc7 with an unclear position}
(18... Qc7 $142) 19. Nb3 $1 {[%csl Rd6]} (19. e5 $6 Nd5) 19... Qe7 20. Rd2 Rfd8
21. Na5 Kg7 22. Red1 h6 23. Qe3 {white has just played very simple,there is a
weak d6 pawn so first lets double the rooks on the half open "d" file the
knight on c3 prevents d5 while the knight on a5 will come to c4 attacking the
d6 pawn} Ba8 24. Nc4 Ne8 25. b3 Kh7 26. Rd3 {prepering to triple the heavy
pieces along the "d" file} Qc7 27. h4 (27. Qd2 Rbc8) 27... Bc6 {by this move
black has taken a very decisive decision,to go into a rook ending with a pawn
minus,it was possible to play Rbc8 still kipping the pawn when white still has
to prove a plan,h5 maybe white's plan in this case} 28. Qd2 Bb5 29. Nxb5 axb5
30. Nxd6 Nxd6 31. Rxd6 Rxd6 32. Qxd6 Qxd6 33. Rxd6 {[#] Hecht: aktive schwarze
T-Stellung und Raum bei einem Minusbauern. Reduktion des Materials bis Zug 48
mit folgendem Ergebnis: Weißer Turm v o r dem b-Freibauern; schwarzer Turm
dahinter bei 1-1 am Königsflügel. Die Schwäche von f3 hindert Weiß am Gewinn.}
Ra8 34. Rd2 {Viel besser war die sofortige Auflösung der Spannung am
Damenflügel. Es wären bei Raumvorteil alle Bauern am Königsflügel verblieben.
Das ist ist ein strategischer Endspielpatzer. Deshalb die Medaille.} (34. Rb6 {
Hecht} Rxa2 35. Rxb5 Rb2 36. e5 $16 {[#]} g5 (36... h5 37. f4 {[%cal Yb5b8,
Yb3b4,Yb4b5,Yb5b6,Yg1c1,Yc1c5]}) 37. h5 {weiterer Plan: T nach b8; B nach b6;
K-Aktivierung unter B-Opfer am Königsflügel. Zum Gewinnen blieben dann noch
Bauern übrig.}) 34... g5 $1 35. hxg5 {das Reduzieren der Bauernmasse liegt im
Interesse von Schwarz.} (35. h5 $5 {Hecht}) 35... hxg5 36. Rc2 (36. f3 f5 37.
exf5 exf5 38. Rd5 Kg6 (38... Rxa2 $4 39. Rxf5) 39. Rxb5 Rxa2) 36... Kg6 37. f3
f5 $1 38. exf5+ (38. Kf2 f4 {with a similar idea as in the game,but maybe with
still another pawns on the board the "e" pawns white will have more chance
since the way the game was played he had no chances of winning,and also the e4
pawn take an important square from black the f5 square for his king}) 38...
exf5 39. Kf2 (39. g3 $5) 39... f4 40. Ke2 b4 {[%csl Ra2,Rg2] this is black
defencive idea,in order to free his rook white has to bring his king to b2 to
defend the a2 pawn,but then black king will penetrate via h4 to g3 when the
"g2" pawn will become even weaker!} 41. Kf2 (41. Kd2 Kh5 {[%cal Gh5h4,Gh4g3]})
(41. Rb2 {Hecht} Kf5 42. Kd3 Rc8 43. Rc2 Rd8+ {und Weiß kommt nicht weiter})
41... Kf5 42. g3 (42. Kg1 Kg6 43. Kh2 Rh8+ 44. Kg1 Ra8) 42... Ra7 43. Kg2 Ra5
44. Kh3 fxg3 45. Kxg3 Ra6 46. Rc5+ Kf6 47. Rb5 Rxa2 48. Rxb4 Rb2 {[#]
Vergleichen Sie einmal diese Position mit dem Variantendiagramm zum 34. Zug
von Weiß. Die geringe und schutzbedürftige Bauernmasse hier bietet keine, die
in der Variatnte aber sehr Gewinnchancen.} 49. Rb7 Kf5 50. b4 Kf6 51. Rb8 Kf5
52. b5 Kf6 53. b6 Kg6 54. Kh3 (54. b7 Kh7 55. Kg4 Rb5 56. Kh5 Kg7 $11) 54...
Kf6 55. Kg3 Kg6 56. f4 gxf4+ (56... Rb3+ {Hecht} 57. Kg4 Rb4 $2 58. b7 $18 {
[%cal Rb8g8]}) 57. Kxf4 Kf6 (57... Rb5 {Endspiel-CD} 58. b7 Kg7 $11 (58... Kf7
$4 59. Rh8 $18)) 58. b7 Kg7 (58... Kf7 $4 {Endspiel-CD} 59. Rh8 $18) (58... Kg7
{Endspiel-CD} 59. Ke5 Kh7 60. Kd6 Kg7 61. Kc7 Rc2+ $11) 1/2-1/2